| 000 | 00409nam a2200169Ia 4500 | ||
|---|---|---|---|
| 008 | 230524s9999 xx 000 0 und d | ||
| 020 | _a9788131729038 | ||
| 082 |
_a658.43 _bDUT |
||
| 100 | _aManash Dutta | ||
| 245 | 0 | _aCost Accounting Principles and Practice | |
| 250 | _aIST | ||
| 260 |
_aNEW DELHI _c2008 |
||
| 300 | _aXXV;833 | ||
| 500 | _aQuantity Number: 3 | ||
| 650 | _aManagement | ||
| 942 | _cBK | ||
| 999 |
_c44070 _d44070 |
||